Chomskys Universal Grammar (Record no. 215717)

MARC details
000 -LEADER
fixed length control field 00467nam a2200205Ia 4500
008 - FIXED-LENGTH DATA ELEMENTS--GENERAL INFORMATION
fixed length control field 240823s9999||||xx |||||||||||||| ||und||
020 ## - INTERNATIONAL STANDARD BOOK NUMBER
International Standard Book Number 978-81-265-1747-3
082 ## - DEWEY DECIMAL CLASSIFICATION NUMBER
-- 428.24p8
100 ## - MAIN ENTRY--PERSONAL NAME
Personal name Cook V J
245 #0 - TITLE STATEMENT
Title Chomskys Universal Grammar
250 ## - EDITION STATEMENT
Edition statement 3rd
260 ## - PUBLICATION, DISTRIBUTION, ETC. (IMPRINT)
Date of publication, distribution, etc 2008
Name of publisher, distributor, etc Wiley Easter
500 ## - GENERAL NOTE
General note YES
650 ## - SUBJECT ADDED ENTRY--TOPICAL TERM
Topical term or geographic name as entry element Grammar
700 ## - ADDED ENTRY--PERSONAL NAME
Personal name Newsson Mart
942 ## - ADDED ENTRY ELEMENTS (KOHA)
Item type Books
Holdings
Withdrawn status Lost status Damaged status Permanent location Current location Date acquired Source of acquisition Cost, normal purchase price Full call number Barcode Date last seen Koha item type
      CENTRAL LIBRARY, NOORUL ISLAM CENTRE FOR HIGHER EDUCATION CENTRAL LIBRARY, NOORUL ISLAM CENTRE FOR HIGHER EDUCATION 04/04/2013 Global Book Syndicate 695.00 428.24p8 65406 08/23/2024 Books
Visitors:
Copyright © 2024 Central Library NICHE.  All rights reserved.